banner-ar

GUIDE TO THE RECORDS OF THE UNITED STATES SENATE AT THE NATIONAL ARCHIVES : (Record no. 4792)

MARC details
000 -الفاتح
حقل البيانات ثابتة الطول 00785nam a2200205Ia 4500
008 - عناصر البيانات ثابتة الطول - معلومات عامة
حقل البيانات ثابتة الطول 140319s9999 xx 000 0 eng d
040 ## - مصدر الفهرسة
وكالة الفهرسة الأصلية GCL /
وكالة النسخ GCL
082 04 - رقم تصنيف ديوى العشرى
رقم التصنيف 328.7307
رقم المادة C G
100 1# - المدخل الرئيسى - إسم شخصى
الإسم الشخصى COREN, ROBERT W.
245 10 - بيان العنوان
العنوان GUIDE TO THE RECORDS OF THE UNITED STATES SENATE AT THE NATIONAL ARCHIVES :
بقية العنوان 1789 - 1989 /
بيان المسئوليه,etc COREN, ROBERT W.
700 1# - المدخل الاضافى - اسم شخصى
الإسم الشخصى REPHLO, MARY
700 1# - المدخل الاضافى - اسم شخصى
الإسم الشخصى STEWART, WALTER J.
260 ## - PUBLICATION, DISTRIBUTION, ETC. (IMPRINT)
تاريخ النشر أو التوزيع 1989
300 ## - الوصف المادى
التعداد 25 CM ؛
أبعاد الوعاء X11, 356 P
650 04 - المدخل الاضافى بالموضوع-مصطلح موضوعى
مصطلح موضوعي UNITED STATES - CONGRESS - SENATE - RECORDS AND COREESPONDENCE
650 04 - المدخل الاضافى بالموضوع-مصطلح موضوعى
مصطلح موضوعي UNITED STATES - NATIONAL ARCHIVES AND RECORDS ADMINISTRATION - CATALOG
650 04 - المدخل الاضافى بالموضوع-مصطلح موضوعى
مصطلح موضوعي UNITED STATES - POLITICS AND GOVERNMENT - SOURCES - BIBLIOGRAPHY
942 ## - عناصر المدخل الإضافي( كوها)
مصدر التصنيف او مخطط الترفيف Dewey Decimal Classification
Koha [default] item type كتاب
260 ## - PUBLICATION, DISTRIBUTION, ETC. (IMPRINT)
-- [S.N] :
-- U.S SENATE BICENTENNIAL PUBLISHING ،
Holdings
حالة التراجع حالة الفقد حالة تلف ليس للاعارة المكان المؤقت الموقع الحالى تاريخ الاكتساب اجمالي اﻻعارات رقم الطلب الباركود تاريخ اخر مشاهدة تاريخ تفعيل السعر نوع وعاء كوها
        مكتبة القاهرة الكبرى مكتبة القاهرة الكبرى 03/26/2014   328.7307\C G 10741 03/26/2014 03/26/2014 كتاب

Powered By

EGPV